El arte del mueble rústico: dormitorios (Registro nro. 2905)
[ vista simple ]
| 000 -Cabecera | |
|---|---|
| Campo de control de longitud fija | 00517aam a2200217 4500 |
| 005 - Fecha y hora de la última transacción | |
| Campo de control | 20240607094817.0 |
| 008 - Elementos de longitud fija--Información general | |
| Campo de control de longitud fija | 150618b xxu||||| |||| 00| 0 spa d |
| 020 ## - International Standard Book Number | |
| Número Internacional Estándar del Libro (ISBN) | 9788495818423 |
| 041 ## - Idioma | |
| Código de idioma | Español |
| 082 ## - Clasificación Decimal Dewey | |
| Número de clasificación | 747.77 A786a |
| 245 ## - Título propiamente dicho | |
| Título | El arte del mueble rústico: dormitorios |
| 260 ## - Pie de imprenta | |
| Lugar de publicación, distribución, etc. | España |
| 260 ## - Pie de imprenta | |
| Nombre del editor, distribuidor, etc. | Ediciones Daly |
| 260 ## - Pie de imprenta | |
| Fecha de publicación, distribución, etc. | 2010 |
| 300 ## - Descripción física | |
| Extensión | 81 páginas |
| 650 ## - Materia general | |
| Temática (materia general) | DECORACIÓN |
| 650 ## - Materia general | |
| Temática (materia general) | MUEBLES DE DORMITORIOS |
| 650 ## - Materia general | |
| Temática (materia general) | DORMITORIOS |
| 942 ## - Punto de acceso adicional KOHA | |
| Tipo de ítem KOHA | Libro |
| Fuente del sistema de clasificación o colocación | Dewey Decimal Classification |
| Signatura completa | Código de barras | Programa Académico | Tipo de ítem |
|---|---|---|---|
| 747.77 A786a | 16170 | Dirección de Educación Comunitaria y Asistencia Técnica | Libro |